000 00318nam a2200133Ia 4500
005 20260328104259.0
008 260328s9999||||xx |||||||||||||| ||und||
100 _aArtigas, Juan Benito
245 0 _aChiapas Monumental /
_cJuan Benito Artigas
260 _bJBAH
300 _a431 p.
650 _aMEXICO
942 _cBK
999 _c10539
_d10539